000
00336nam a2200121Ia 4500
008
220603s9999 xx 000 0 und d
082
_b
SUN
100
_a
Sunil Kumar
_9
92995
245
_a
Cardiovascular Heart Disease Diseases of Pericardium and Cardiomyopathy
260
_a
New Delhi
_b
IGNOU
365
_b
Rs.
999
_c
57007
_d
57007